000 01056nam a2200229Ia 4500
001 20466
003 GE_BSU
008 181216s||||||||xx |||||||||||||| ||und||
040 _cGE_BSU
080 _a81
100 _aლებანიძე, გურამ
245 _aანთროპოცენტრიზმი და კომუნიკაციური ლინგვისტიკა: თეორიული სინტეზი
250 _aთბილისის ილია ჭავჭავაძის სახ. დასვლურ ენათა და კულტურათა სახ. ინ-ტი
260 _aთბილისი
260 _bენა და კულტურა
260 _c1998
300 _a174გვ.
541 _h6ლ.35თ.
653 _aანთროპოცენტრიზმი და კომუნიკაციური ლინგვისტიკა: თეორიული სინტეზი
653 _aქსეროქსი
942 _cBK
999 _c53423
_d53423